00463 2200169 4500001002100000008004100021035002000062245009200082100002300174250000600197260003100203300001200234084001400246082000800260650001300268990001200281INLIS000000000000765 ind  a0010-0424000741 aRingkasan Materi Olimpiade Biologi; Internasional Biologi Edisi Ke 6cAgus Dana Permana aDana Permana, Agus a1 aBandung :bITB Pressc2017 a243 hlm a574 AGU b a574 aNonfiksi a0739656